[Event "Titled Tue 17th Jun Late"]
[Site "chess.com INT"]
[Date "2025.06.17"]
[Round "7"]
[White "Maksimovic, Bojan"]
[Black "Niemann, Hans Moke"]
[Result "0-1"]
[WhiteTitle "IM"]
[BlackTitle "GM"]
[WhiteElo "2514"]
[BlackElo "2736"]
[WhiteFideId "14408120"]
[BlackFideId "2093596"]
[EventDate "2025.06.17"]

1. d4 Nf6 2. Bg5 d5 3. Nd2 c5 4. e3 Nc6 5. c3 Qb6 6. Qb3 h6 7. Bh4 g5 8. Bg3 Nh5
9. Ngf3 Nxg3 10. hxg3 g4 11. Nh4 e6 12. Be2 Rg8 13. Qc2 Bd7 14. Rb1 cxd4 15.
exd4 O-O-O 16. Qh7 Bg7 17. Qd3 e5 18. Nf5 e4 19. Nd6+ Kb8 20. Qb5 Qc7 21. Qxd5
Be6 22. Qxe4 Qxd6 23. Bxg4 Bd5 24. Qf5 Bxg2 25. Rh2 Rge8+ 26. Kd1 Nxd4 27. cxd4
Bxd4 28. Rxg2 Bc3 29. Qf4 Qxf4 30. gxf4 Rxd2+ 31. Kc1 Re1+ 0-1

[Event "Titled Tue 17th Jun Late"]
[Site "chess.com INT"]
[Date "2025.06.17"]
[Round "7"]
[White "Demaria, Juan Pablo"]
[Black "Shapiro, Daniel"]
[Result "1-0"]
[WhiteTitle "FM"]
[BlackTitle "FM"]
[WhiteElo "2215"]
[BlackElo "2284"]
[WhiteFideId "104922"]
[BlackFideId "2001780"]
[EventDate "2025.06.17"]

1. e4 c5 2. Nf3 Nc6 3. d4 cxd4 4. Nxd4 Nf6 5. Nc3 d6 6. Bc4 Qb6 7. Nb3 e6 8. O-O
a6 9. a4 Be7 10. a5 Qc7 11. Be2 O-O 12. Kh1 Bd7 13. f4 Rac8 14. Be3 Nb4 15. Qd2
d5 16. e5 Ne8 17. Bb6 Qb8 18. Rae1 Nc7 19. Nd4 Na8 20. f5 exf5 21. Nxf5 Bxf5 22.
Rxf5 Nxb6 23. axb6 Rc5 24. Bd1 Qd8 25. Na4 Rc4 26. c3 Nc6 27. Rff1 d4 28. Qd3
Na5 29. b4 Bxb4 30. cxb4 Rxb4 31. e6 fxe6 32. Rxe6 Rxf1+ 33. Qxf1 d3 34. Qe1 Kf8
35. Qxb4+ Kf7 36. Re1 Nc6 37. Bb3+ Kg6 38. Qe4+ 1-0

[Event "Titled Tue 17th Jun Late"]
[Site "chess.com INT"]
[Date "2025.06.17"]
[Round "7"]
[White "Pranav, V"]
[Black "Gumularz, Szymon"]
[Result "0-1"]
[WhiteTitle "GM"]
[BlackTitle "GM"]
[WhiteElo "2595"]
[BlackElo "2605"]
[WhiteFideId "25060783"]
[BlackFideId "1188062"]
[EventDate "2025.06.17"]

1. e4 d6 2. d4 Nf6 3. Nc3 e5 4. Nf3 Nbd7 5. Bc4 Be7 6. O-O O-O 7. Re1 c6 8. a4
h6 9. h3 Re8 10. b3 Bf8 11. Ba3 exd4 12. Nxd4 Nc5 13. Qf3 Ne6 14. Bxe6 Bxe6 15.
Rad1 Qc7 16. Bc1 Nd7 17. Qg3 Kh8 18. f4 Nf6 19. Qh4 Bd7 20. Nf3 Be7 21. Qf2 Bf8
22. Bb2 Kg8 23. Rd3 a6 24. e5 dxe5 25. fxe5 Nd5 26. Ne4 Bf5 27. Nh4 Bh7 28. Rg3
Re6 29. Nf5 Bxf5 30. Qxf5 Rae8 31. Rf1 Rxe5 32. Bxe5 Rxe5 33. Qg4 Rxe4 34. Qxe4
Qxg3 35. Qe8 Nf4 36. Qe4 Nxh3+ 0-1

[Event "Titled Tue 17th Jun Late"]
[Site "chess.com INT"]
[Date "2025.06.17"]
[Round "7"]
[White "Mesquita, Eduardo Barbosa"]
[Black "Noroozi, Omid"]
[Result "1-0"]
[BlackTitle "IM"]
[WhiteElo "2014"]
[BlackElo "2266"]
[WhiteFideId "22757163"]
[BlackFideId "12501190"]
[EventDate "2025.06.17"]

1. e4 c5 2. Nf3 d6 3. d4 cxd4 4. Nxd4 Nf6 5. Nc3 a6 6. f3 e5 7. Nb3 Be7 8. Be3
Be6 9. Qd2 h5 10. O-O-O Nbd7 11. Kb1 Rc8 12. Nd5 Nxd5 13. exd5 Bf5 14. Bd3 Bxd3
15. Qxd3 Bg5 16. Bf2 O-O 17. h4 Bh6 18. g4 hxg4 19. fxg4 Bf4 20. g5 f5 21. Qe2
Qe8 22. Na5 Rc7 23. Rhg1 Qe7 24. Qh5 Rfc8 25. c3 Qd8 26. Bb6 Nxb6 27. g6 Bh6 28.
Qxf5 Qf6 29. Qg4 Rf8 30. Rdf1 Qxf1+ 31. Rxf1 Rxf1+ 32. Kc2 Rf2+ 33. Kb3 Rf8 34.
Qe6+ Kh8 35. Qxd6 Rd7 36. Qxf8# 1-0

[Event "Titled Tue 17th Jun Late"]
[Site "chess.com INT"]
[Date "2025.06.17"]
[Round "7"]
[White "Gubajdullin, Alexei"]
[Black "Buchenau, Frank"]
[Result "1-0"]
[WhiteTitle "FM"]
[BlackTitle "FM"]
[WhiteElo "2233"]
[BlackElo "2205"]
[WhiteFideId "4141202"]
[BlackFideId "4604350"]
[EventDate "2025.06.17"]

1. d4 e6 2. Nf3 Nf6 3. Bf4 d5 4. Nbd2 c5 5. e3 Nc6 6. c3 Bd6 7. Bg3 O-O 8. Bd3
b6 9. Ne5 Ne7 10. f4 Nf5 11. Qf3 cxd4 12. exd4 Be7 13. Bf2 Bb7 14. Qh3 Nd6 15.
Bh4 Nfe4 16. Bxe7 Qxe7 17. Ndf3 f6 18. Ng4 a5 19. O-O Ba6 20. Bxa6 Rxa6 21. Ne3
Qd7 22. Nxd5 Nc4 23. b3 Qxd5 24. bxc4 Qxc4 25. Rfe1 f5 26. Ng5 Nxg5 27. fxg5 b5
28. Re5 Rc6 29. d5 exd5 30. Rxf5 Rxf5 31. Qxf5 d4 32. Rf1 h6 33. g6 Rc8 34. cxd4
Qxd4+ 35. Kh1 Qc4 36. h3 b4 37. Rd1 a4 38. Qd7 Qc7 39. Qxa4 1-0

[Event "Titled Tue 17th Jun Late"]
[Site "chess.com INT"]
[Date "2025.06.17"]
[Round "7"]
[White "Tang, Austin"]
[Black "Hungaski, Robert"]
[Result "1-0"]
[BlackTitle "GM"]
[WhiteElo "1979"]
[BlackElo "2477"]
[WhiteFideId "30964580"]
[BlackFideId "2021030"]
[EventDate "2025.06.17"]

1. e4 e6 2. d4 d5 3. Nd2 Nf6 4. e5 Ng8 5. Bd3 Ne7 6. Ne2 b6 7. O-O Qd7 8. c3 Ba6
9. Nb3 Bxd3 10. Qxd3 Qa4 11. Bg5 Nbc6 12. Nd2 Na5 13. f4 c5 14. Bxe7 Bxe7 15. f5
exf5 16. Qxf5 O-O 17. e6 cxd4 18. exf7+ Kh8 19. Nxd4 Bc5 20. Nf3 Nc6 21. Ng5
Bxd4+ 22. cxd4 Qxd4+ 23. Kh1 g6 24. Qh3 h5 25. Ne6 Qg4 26. Qc3+ Nd4 27. Qxd4+
Qxd4 28. Nxd4 1-0

[Event "Titled Tue 17th Jun Late"]
[Site "chess.com INT"]
[Date "2025.06.17"]
[Round "7"]
[White "Panin, Mikhail"]
[Black "Petrus, Adrian"]
[Result "0-1"]
[WhiteTitle "CM"]
[BlackTitle "CM"]
[WhiteElo "2255"]
[BlackElo "2203"]
[WhiteFideId "34164992"]
[BlackFideId "14573652"]
[EventDate "2025.06.17"]

1. Nf3 Nf6 2. b3 d5 3. Bb2 Bg4 4. e3 c6 5. h3 Bh5 6. g4 Bg6 7. d3 h5 8. g5 Nfd7
9. Nh4 e5 10. Nxg6 fxg6 11. h4 Bd6 12. Bh3 O-O 13. Nd2 Qe7 14. a3 a5 15. Qe2 b5
16. O-O Na6 17. e4 Nac5 18. Rae1 Ne6 19. a4 Nf4 20. Qe3 bxa4 21. bxa4 d4 22. Qg3
Nb6 23. Bc1 Bb4 24. Kh2 Bxd2 25. Bxd2 Nxa4 26. Ra1 Nc3 27. Bxc3 dxc3 28. Qe3 a4
29. Rfb1 a3 30. Rb3 a2 31. Rxc3 Nxh3 32. Kxh3 Qe6+ 33. Kh2 Rf4 34. Qg3 Raf8 35.
Rf1 Rxf2+ 0-1

[Event "Titled Tue 17th Jun Late"]
[Site "chess.com INT"]
[Date "2025.06.17"]
[Round "7"]
[White "Suvradeepta, Das"]
[Black "Atoyan, Alberto"]
[Result "1-0"]
[WhiteTitle "FM"]
[BlackTitle "CM"]
[WhiteElo "2230"]
[BlackElo "2266"]
[WhiteFideId "5058031"]
[BlackFideId "13314831"]
[EventDate "2025.06.17"]

1. d4 Nf6 2. Nf3 d5 3. e3 Bf5 4. Bd3 Bxd3 5. Qxd3 e6 6. Qb5+ Nbd7 7. Qxb7 c5 8.
Qb5 Rb8 9. Qe2 Bd6 10. O-O O-O 11. b3 Ne4 12. h3 Qc7 13. c3 e5 14. dxe5 Nxe5 15.
Nfd2 c4 16. Nxe4 dxe4 17. Nd2 cxb3 18. axb3 Qxc3 19. Rxa7 Qc5 20. Ba3 Qxa7 21.
Bxd6 Rfe8 22. Bxb8 Qxb8 23. Nxe4 Qxb3 24. Nd6 Rd8 25. Nf5 Qe6 26. Nd4 Qd5 27.
Rc1 Re8 28. Qc2 h6 29. Qc5 Qe4 30. Qc2 Qa8 31. Qf5 Ng6 32. Rc7 Rf8 33. Ne6 Nh4
34. Qg4 fxe6 35. Qxg7# 1-0

[Event "Titled Tue 17th Jun Late"]
[Site "chess.com INT"]
[Date "2025.06.17"]
[Round "7"]
[White "Tang, Andrew"]
[Black "Ambartsumova, Karina"]
[Result "1/2-1/2"]
[WhiteTitle "GM"]
[BlackTitle "IM"]
[WhiteElo "2529"]
[BlackElo "2403"]
[WhiteFideId "2059630"]
[BlackFideId "4166299"]
[EventDate "2025.06.17"]

1. d4 Nf6 2. c4 e6 3. Nc3 d5 4. cxd5 exd5 5. Bg5 Be7 6. e3 c6 7. Bd3 Nbd7 8.
Nge2 h6 9. Bh4 Nh5 10. Bxe7 Qxe7 11. g4 Nhf6 12. Ng3 g6 13. h3 Nb6 14. Qc2 Bd7
15. O-O-O O-O-O 16. Kb1 Kb8 17. a4 c5 18. a5 Nc8 19. dxc5 Qxc5 20. Nb5 Qxc2+ 21.
Kxc2 Bxb5 22. Bxb5 Nd6 23. Bd3 Rc8+ 24. Kb1 Rc5 25. b4 Rc3 26. Kb2 Rhc8 27. Ne2
R3c7 28. Nd4 Nfe4 29. Rhf1 Nc3 30. Ra1 Nce4 31. a6 Nc4+ 32. Bxc4 Rxc4 33. b5
Rb4+ 34. Ka3 Rcc4 35. axb7 Ra4+ 36. Kb2 Rab4+ 37. Ka3 Ra4+ 38. Kb2 Rab4+ 39. Ka2
Ra4+ 40. Kb2 1/2-1/2

[Event "Titled Tue 17th Jun Late"]
[Site "chess.com INT"]
[Date "2025.06.17"]
[Round "7"]
[White "Mafra, Kaiser Luiz"]
[Black "Kharitonov, Sergei"]
[Result "1-0"]
[WhiteTitle "CM"]
[BlackTitle "CM"]
[WhiteElo "2076"]
[BlackElo "2014"]
[WhiteFideId "2106698"]
[BlackFideId "4129750"]
[EventDate "2025.06.17"]

1. e4 c5 2. d4 cxd4 3. c3 g6 4. cxd4 d5 5. e5 a6 6. h4 h5 7. Nf3 Nc6 8. Nc3 Bg4
9. Be2 Bxf3 10. Bxf3 e6 11. Bg5 Be7 12. Qd2 Qb6 13. Be3 Bb4 14. O-O Nge7 15. a3
Bxc3 16. bxc3 Nf5 17. Bg5 Na5 18. Rab1 Qc6 19. Bf6 Rg8 20. Be2 Rc8 21. Rfc1 Nc4
22. Bxc4 dxc4 23. Rb4 Rc7 24. Rcb1 Kd7 25. Rb6 Qd5 26. Qb2 Kc8 27. Rxa6 Kd7 28.
Rb6 Ra8 29. Rxb7 Ra7 30. Rxc7+ Rxc7 31. Qb5+ Qxb5 32. Rxb5 Ra7 33. Rc5 Rxa3 34.
Rxc4 Ra1+ 35. Kh2 Rf1 36. f3 1-0

[Event "Titled Tue 17th Jun Late"]
[Site "chess.com INT"]
[Date "2025.06.17"]
[Round "7"]
[White "Kislinsky, Alexey"]
[Black "Schnaider, Ilan"]
[Result "0-1"]
[WhiteTitle "GM"]
[BlackTitle "IM"]
[WhiteElo "2341"]
[BlackElo "2388"]
[WhiteFideId "14108801"]
[BlackFideId "169013"]
[EventDate "2025.06.17"]

1. d4 d5 2. c4 dxc4 3. Nf3 Nf6 4. e3 Bg4 5. Bxc4 e6 6. O-O Bd6 7. Nbd2 Nbd7 8.
Be2 O-O 9. b3 Qe7 10. Bb2 Ba3 11. Qc1 Bxb2 12. Qxb2 c6 13. h3 Bf5 14. Rac1 h6
15. Rfd1 Rfd8 16. Nc4 Nb6 17. Nce5 Ne4 18. Nd2 Nd5 19. Nxe4 Bxe4 20. Bf3 Bxf3
21. Nxf3 Nf6 22. a3 a5 23. Ne5 Nd7 24. Nxd7 Rxd7 25. b4 axb4 26. axb4 Rd5 27.
Rc5 Rad8 28. Rdc1 Qf6 29. b5 cxb5 30. Rxb5 Rxb5 31. Qxb5 Qe7 32. Qb6 Ra8 33. Rb1
Rb8 34. g3 Qd7 35. h4 h5 36. Rc1 Ra8 37. Rb1 Rb8 38. Rb5 g6 39. Kg2 Kh7 40. Rc5
Ra8 41. Qc7 Rd8 42. Qe5 Rc8 43. Rb5 f6 44. Qxf6 Qxb5 45. Qf7+ Kh6 46. Qf4+ Kg7
47. Kh2 Rf8 0-1

[Event "Titled Tue 17th Jun Late"]
[Site "chess.com INT"]
[Date "2025.06.17"]
[Round "7"]
[White "Borisov, Yuri"]
[Black "Sliwicka, Alicja"]
[Result "0-1"]
[WhiteTitle "FM"]
[BlackTitle "WGM"]
[WhiteElo "2285"]
[BlackElo "2299"]
[WhiteFideId "1503928"]
[BlackFideId "1150677"]
[EventDate "2025.06.17"]

1. e4 c5 2. Nc3 Nc6 3. Bc4 e6 4. d3 a6 5. a4 Bd6 6. f4 Bc7 7. Nf3 Nge7 8. O-O d5
9. Bb3 d4 10. Ne2 f5 11. Ng5 fxe4 12. dxe4 Qd6 13. e5 Qd8 14. Nxe6 Bxe6 15. Bxe6
Nd5 16. Ng3 Ne3 17. Bxe3 dxe3 18. Qh5+ g6 19. Qh6 Qe7 20. f5 Nd4 21. f6 Qxe6 22.
f7+ Ke7 23. c3 Nf5 24. Qg5+ Kd7 25. Nxf5 gxf5 26. Rxf5 Raf8 27. Rd1+ Kc8 28. Qf4
c4 29. Re1 h6 30. Kh1 Rh7 31. Rxe3 Rhxf7 32. Rf6 Rxf6 33. exf6 Qxf6 34. Re8+
Rxe8 0-1

[Event "Titled Tue 17th Jun Late"]
[Site "chess.com INT"]
[Date "2025.06.17"]
[Round "7"]
[White "Vaganian, Rafael A"]
[Black "Lin, Bryan Enming"]
[Result "0-1"]
[WhiteTitle "GM"]
[BlackTitle "FM"]
[WhiteElo "2449"]
[BlackElo "2343"]
[WhiteFideId "13300016"]
[BlackFideId "30987121"]
[EventDate "2025.06.17"]

1. d4 Nf6 2. Nf3 g6 3. g3 Bg7 4. Bg2 c5 5. c4 O-O 6. Nc3 cxd4 7. Nxd4 Qc7 8. Qb3
Nc6 9. Nxc6 dxc6 10. O-O Nd7 11. Bf4 Qb6 12. Na4 Qa5 13. Rfd1 Nb6 14. Nxb6 axb6
15. Bc7 Ra6 16. a3 Be6 17. Rac1 Rc8 18. Bf4 b5 19. Bd2 bxc4 20. Qxb7 Qb6 21.
Qxe7 Qxb2 22. Bb4 Raa8 23. Bxc6 Rab8 24. Bd7 Bxd7 25. Qxd7 c3 26. e4 c2 27. Re1
Bh6 0-1

[Event "Titled Tue 17th Jun Late"]
[Site "chess.com INT"]
[Date "2025.06.17"]
[Round "7"]
[White "Baches Garcia, Guillermo"]
[Black "Khanbutaev, Artemii"]
[Result "1-0"]
[WhiteTitle "IM"]
[WhiteElo "2305"]
[BlackElo "2139"]
[WhiteFideId "2209764"]
[BlackFideId "55747175"]
[EventDate "2025.06.17"]

1. Nf3 Nf6 2. d4 d5 3. c4 dxc4 4. e3 Be6 5. Nbd2 c5 6. Bxc4 Bxc4 7. Nxc4 e6 8.
O-O Nc6 9. dxc5 Bxc5 10. b3 O-O 11. Bb2 Qe7 12. Rc1 Rac8 13. Qe2 a6 14. Rfd1
Rfd8 15. g3 b5 16. Nce5 Nxe5 17. Nxe5 Rxd1+ 18. Qxd1 Rd8 19. Qc2 Rd5 20. e4 Rxe5
21. Bxe5 Nd7 22. Bb2 h6 23. Kg2 h5 24. Rd1 Nf8 25. Qc3 f6 26. Rc1 Bd6 27. Qd2
Ng6 28. Rd1 Bc7 29. Qd7 Bb8 30. Qxe7 Nxe7 31. Rd8+ Kf7 32. Rxb8 1-0

[Event "Titled Tue 17th Jun Late"]
[Site "chess.com INT"]
[Date "2025.06.17"]
[Round "7"]
[White "Gimeno Martos, Roberto"]
[Black "Miserendino, Alfredo"]
[Result "1-0"]
[WhiteTitle "CM"]
[WhiteElo "2090"]
[BlackElo "2032"]
[WhiteFideId "2226804"]
[BlackFideId "101800"]
[EventDate "2025.06.17"]

1. e4 c5 2. Nc3 e6 3. g3 Nf6 4. Bg2 Be7 5. d3 O-O 6. Be3 Nc6 7. h3 Rb8 8. f4 b5
9. e5 Ne8 10. Ne4 c4 11. d4 Nb4 12. Ne2 Bb7 13. O-O f5 14. exf6 Nxf6 15. Nxf6+
Bxf6 16. Bxb7 Rxb7 17. Nc3 Kh8 18. a3 Nd5 19. Qf3 Nxe3 20. Qxb7 Nxf1 21. Rxf1
Bxd4+ 22. Kg2 Bxc3 23. bxc3 Qa8 24. Qxa8 Rxa8 25. Rd1 d5 26. f5 exf5 27. Rxd5 a6
28. Rxf5 Kg8 29. Kf3 Rf8 30. Kf4 Rxf5+ 31. Kxf5 Kf7 32. Ke5 Ke7 33. Kd5 Kd7 34.
Kc5 Ke6 35. Kb6 Kd6 36. Kxa6 Kc6 37. Ka5 Kc5 38. a4 bxa4 39. Kxa4 1-0

[Event "Titled Tue 17th Jun Late"]
[Site "chess.com INT"]
[Date "2025.06.17"]
[Round "7"]
[White "Beulen, Marcel"]
[Black "Bardyk, Artem"]
[Result "0-1"]
[WhiteTitle "FM"]
[BlackTitle "FM"]
[WhiteElo "2359"]
[BlackElo "2260"]
[WhiteFideId "1001450"]
[BlackFideId "34349979"]
[EventDate "2025.06.17"]

1. e4 c5 2. Nf3 d6 3. Bc4 Nf6 4. d3 g6 5. O-O Bg7 6. Bb3 O-O 7. h3 b5 8. c3 a5
9. Nbd2 a4 10. Bc2 e5 11. a3 Nc6 12. Re1 Be6 13. Nf1 h6 14. Be3 Qc7 15. d4 cxd4
16. cxd4 Bc4 17. d5 Bxf1 18. Rxf1 Na5 19. Bd3 Qb7 20. Qe2 Rfc8 21. Rac1 Nc4 22.
Bxc4 bxc4 23. Rxc4 Rxc4 24. Qxc4 Qxb2 25. Qc6 Qb8 26. Nd2 Qc8 27. Rc1 Qxc6 28.
dxc6 d5 29. c7 Rc8 30. Bb6 Bf8 31. Rc6 Nd7 32. Ba5 Bxa3 33. exd5 Bb2 34. d6 a3
35. Nb3 a2 36. Kf1 Kf8 37. Na1 Bxa1 0-1

[Event "Titled Tue 17th Jun Late"]
[Site "chess.com INT"]
[Date "2025.06.17"]
[Round "7"]
[White "Golis, Wiktor"]
[Black "Ahmad, Khagan"]
[Result "0-1"]
[WhiteTitle "FM"]
[BlackTitle "IM"]
[WhiteElo "2307"]
[BlackElo "2394"]
[WhiteFideId "21055874"]
[BlackFideId "13431552"]
[EventDate "2025.06.17"]

1. e4 c5 2. Nf3 d6 3. d4 cxd4 4. Nxd4 e6 5. Nc3 a6 6. Be3 b5 7. a3 Bb7 8. Qd2
Ne7 9. O-O-O Nec6 10. f4 Nxd4 11. Bxd4 Nc6 12. Be2 Nxd4 13. Qxd4 Rc8 14. Rhe1
Be7 15. Qxg7 Bf6 16. Qg3 Bh4 17. Qg7 Bf6 18. Qg3 Bxc3 19. bxc3 Bxe4 20. Bxb5+
axb5 21. Rxe4 Qa5 22. Kb2 Ra8 23. Ra1 d5 24. Qg7 Ke7 25. Rxe6+ Kxe6 26. Re1+ Kd6
27. Qf6+ Kc5 28. Qd4+ Kc6 29. Qf6+ Kc5 30. Qd4+ Kd6 31. Qe5+ Kd7 32. Qf5+ Kd8
33. Qf6+ Kc8 34. Qxh8+ Kd7 35. Re7+ Kxe7 36. Qe5+ Kf8 37. Qh8+ Ke7 38. Qe5+ Kd7
39. Qxd5+ Kc8 40. Qc6+ Kb8 41. Qe8+ Kb7 42. Qxf7+ Qc7 43. Qd5+ Qc6 44. Qf7+ Kb6
45. Qxh7 Qd6 46. Kb1 Qd1+ 47. Kb2 Qd6 48. Kb1 Rxa3 49. Qg7 Qd1+ 0-1

[Event "Titled Tue 17th Jun Late"]
[Site "chess.com INT"]
[Date "2025.06.17"]
[Round "7"]
[White "Rosen, Eric"]
[Black "Krishnakumar, Sriram"]
[Result "1-0"]
[WhiteTitle "IM"]
[BlackTitle "FM"]
[WhiteElo "2377"]
[BlackElo "2197"]
[WhiteFideId "2032562"]
[BlackFideId "30915856"]
[EventDate "2025.06.17"]

1. d4 d5 2. Bf4 Nf6 3. Nf3 e6 4. e3 Bd6 5. Ne5 c5 6. Bb5+ Kf8 7. dxc5 Bxc5 8. c4
a6 9. Ba4 Nbd7 10. Bc2 Nxe5 11. Bxe5 Bd6 12. Bxd6+ Qxd6 13. Nc3 g6 14. cxd5 exd5
15. O-O Kg7 16. Qd4 Rd8 17. Rad1 Bg4 18. Ne4 Bxd1 19. Nxd6 Bxc2 20. Rc1 Rxd6 21.
Rxc2 Re8 22. Rc7 Re4 23. Qd3 Rb6 24. f3 Rc4 25. Rxc4 dxc4 26. Qc3 Kg8 27. e4 Nd7
28. Qd4 1-0

[Event "Titled Tue 17th Jun Late"]
[Site "chess.com INT"]
[Date "2025.06.17"]
[Round "7"]
[White "Wahedi, Ahmad Siar"]
[Black "Einarsson, Halldor Gretar"]
[Result "1-0"]
[WhiteTitle "FM"]
[BlackTitle "FM"]
[WhiteElo "2239"]
[BlackElo "2177"]
[WhiteFideId "4651260"]
[BlackFideId "2300150"]
[EventDate "2025.06.17"]

1. e4 d6 2. d4 Nf6 3. Nc3 e5 4. Nf3 Nbd7 5. Bc4 Be7 6. a4 c6 7. O-O h6 8. Re1
Qc7 9. b3 Nf8 10. h3 g5 11. Nh2 Ng6 12. a5 Nf4 13. Ne2 h5 14. Nxf4 gxf4 15. Bb2
Rg8 16. Qf3 Bd7 17. Red1 d5 18. dxe5 Nxe4 19. Bd3 Ng5 20. Qxh5 Nxh3+ 21. Kf1 Ng5
22. Nf3 O-O-O 23. Nxg5 Rxg5 24. Qxf7 Bg4 25. f3 Rf8 26. Qh7 Be6 27. Bd4 c5 28.
Bf2 Qxe5 29. Re1 1-0

[Event "Titled Tue 17th Jun Late"]
[Site "chess.com INT"]
[Date "2025.06.17"]
[Round "7"]
[White "Suleymanli, Suleyman"]
[Black "Atis, Hasan"]
[Result "1-0"]
[WhiteTitle "FM"]
[BlackTitle "CM"]
[WhiteElo "2308"]
[BlackElo "2089"]
[WhiteFideId "13416375"]
[BlackFideId "44598017"]
[EventDate "2025.06.17"]

1. d4 e6 2. Bf4 Nf6 3. Nc3 d5 4. e3 Bb4 5. Bd3 Bxc3+ 6. bxc3 b6 7. Nf3 Bb7 8. c4
O-O 9. cxd5 exd5 10. O-O Nbd7 11. a4 a6 12. c4 Re8 13. Rc1 c5 14. cxd5 Bxd5 15.
a5 Ne4 16. axb6 Qxb6 17. Qa4 Ndf6 18. dxc5 Nxc5 19. Qd4 Bxf3 20. Qxc5 Qxc5 21.
Rxc5 Be4 22. Be2 a5 23. Ra1 a4 24. f3 Bd5 25. Bb5 Rec8 26. Rxc8+ Rxc8 27. Rxa4
Be6 28. e4 h6 29. h3 Nd7 30. Ra7 Nc5 31. Be3 Nb3 32. Bd7 Bxd7 33. Rxd7 Nc5 34.
Rd5 Ne6 35. f4 Rc4 36. f5 Rxe4 37. fxe6 Rxe3 38. Rd8+ Kh7 39. exf7 1-0

[Event "Titled Tue 17th Jun Late"]
[Site "chess.com INT"]
[Date "2025.06.17"]
[Round "7"]
[White "Thomforde-Toates, Noah"]
[Black "Caprio, Guido"]
[Result "1-0"]
[BlackTitle "IM"]
[WhiteElo "2128"]
[BlackElo "2435"]
[WhiteFideId "30951992"]
[BlackFideId "834580"]
[EventDate "2025.06.17"]

1. d4 Nf6 2. Nc3 d5 3. Bf4 a6 4. e3 b5 5. h4 Bb7 6. g4 e6 7. g5 Nfd7 8. Qg4 c5
9. Bg2 Nc6 10. O-O-O Qa5 11. Nxd5 exd5 12. Bxd5 Nb6 13. dxc5 Nxd5 14. Rxd5 Rd8
15. Rxd8+ Nxd8 16. Nf3 Qxa2 17. Rd1 Qa1+ 18. Kd2 Qxb2 19. Ke1 Qc3+ 20. Kf1 Ne6
21. Ne5 Bxc5 22. Rd7 Bc8 23. Qf5 O-O 24. Rxf7 g6 25. Rxf8+ Bxf8 26. Qf7+ Kh8 27.
Ng4 Bg7 28. Nf6 Qc4+ 29. Kg1 Qc6 30. Qg8# 1-0

[Event "Titled Tue 17th Jun Late"]
[Site "chess.com INT"]
[Date "2025.06.17"]
[Round "7"]
[White "Xiong, Jeffery"]
[Black "Stribuk, Artiom"]
[Result "1-0"]
[WhiteTitle "GM"]
[BlackTitle "IM"]
[WhiteElo "2639"]
[BlackElo "2460"]
[WhiteFideId "2047640"]
[BlackFideId "13515659"]
[EventDate "2025.06.17"]

1. e4 c5 2. Nf3 d6 3. Nc3 Nc6 4. d4 cxd4 5. Nxd4 Nf6 6. Bg5 e6 7. Qd3 Bd7 8.
O-O-O Nb4 9. Qc4 Qa5 10. Bxf6 gxf6 11. a3 Nc6 12. Ndb5 Rc8 13. Qd3 Ne5 14. Nxd6+
Bxd6 15. Qxd6 Qc5 16. f4 Qxd6 17. Rxd6 Ng4 18. Be2 Rg8 19. Rhd1 Bc6 20. Bxg4
Rxg4 21. g3 h5 22. b4 a6 23. a4 Ke7 24. R1d3 h4 25. b5 axb5 26. axb5 Be8 27. Rb6
Rc7 28. Ne2 hxg3 29. hxg3 Rg8 30. Kd2 Rh8 31. Rc3 Kd7 32. Rd3+ Ke7 33. Nd4 Rh2+
34. Kc1 Rh1+ 35. Kb2 Rg1 36. f5 e5 37. Ne2 Rg2 38. Nc3 Kf8 39. Rxf6 Rc4 40. Rb6
Rd4 41. Kb3 Rxd3 42. cxd3 Rxg3 43. Kc4 f6 44. Rxf6+ Bf7+ 45. Nd5 1-0

[Event "Titled Tue 17th Jun Late"]
[Site "chess.com INT"]
[Date "2025.06.17"]
[Round "7"]
[White "Khlebovich, Alexander"]
[Black "Moussard, Jules"]
[Result "0-1"]
[WhiteTitle "IM"]
[BlackTitle "GM"]
[WhiteElo "2423"]
[BlackElo "2597"]
[WhiteFideId "4169123"]
[BlackFideId "642908"]
[EventDate "2025.06.17"]

1. d4 d5 2. c4 e6 3. Nf3 Be7 4. g3 Nf6 5. Bg2 O-O 6. O-O c6 7. Nbd2 b6 8. Qc2 c5
9. dxc5 bxc5 10. cxd5 exd5 11. e4 Nc6 12. exd5 Nxd5 13. Nc4 Ndb4 14. Qe2 Be6 15.
Be3 Nd4 16. Bxd4 cxd4 17. b3 d3 18. Qd2 Rc8 19. Rac1 Bxc4 20. Rxc4 Rxc4 21. bxc4
Qa5 22. Rd1 Rd8 23. Ne1 Bg5 24. Qc3 d2 25. Nc2 Qa4 26. Be4 Nxa2 27. Qe5 Bf6 28.
Qf5 Nc3 29. Qxh7+ Kf8 30. Ne3 Nxd1 31. Nf5 g6 32. Nh6 Qe8 33. Bc6 Qe1+ 34. Kg2
Qxf2+ 35. Kh3 Qf1+ 36. Bg2 Nf2# 0-1

[Event "Titled Tue 17th Jun Late"]
[Site "chess.com INT"]
[Date "2025.06.17"]
[Round "7"]
[White "Manvelyan, Mikayel"]
[Black "Domingo Nunez, Alejandro"]
[Result "1-0"]
[WhiteTitle "FM"]
[BlackTitle "FM"]
[WhiteElo "2362"]
[BlackElo "2340"]
[WhiteFideId "13310143"]
[BlackFideId "22245561"]
[EventDate "2025.06.17"]

1. e4 g6 2. h4 Bg7 3. h5 c5 4. d3 Nc6 5. h6 Bf6 6. g4 e6 7. f4 Bh4+ 8. Kd2 d5 9.
Nf3 Bg3 10. Ke2 dxe4 11. dxe4 Qxd1+ 12. Kxd1 Nf6 13. Rg1 Nxe4 14. Bd3 f5 15. Nc3
Nf2+ 16. Ke2 Nxd3 17. cxd3 fxg4 18. Ng5 Nd4+ 19. Kf1 Bh2 20. Rxg4 e5 21. Rh4 Bg3
22. Rh1 exf4 23. Nd5 O-O 24. Bd2 b6 25. Bc3 1-0

[Event "Titled Tue 17th Jun Late"]
[Site "chess.com INT"]
[Date "2025.06.17"]
[Round "7"]
[White "Rao, Anjaneya Sripathy"]
[Black "Asish Panda"]
[Result "1-0"]
[WhiteTitle "CM"]
[WhiteElo "2217"]
[BlackElo "1911"]
[WhiteFideId "30954770"]
[BlackFideId "45012458"]
[EventDate "2025.06.17"]

1. e4 e6 2. d4 d5 3. Nc3 Nf6 4. Bg5 Be7 5. e5 Nfd7 6. Bxe7 Qxe7 7. f4 a6 8. Nf3
c5 9. Ne2 Nc6 10. c3 O-O 11. Qd2 f6 12. h4 cxd4 13. cxd4 fxe5 14. fxe5 Nb6 15.
b3 Bd7 16. Nf4 Qb4 17. Nd3 Qe7 18. Nc5 Rxf3 19. gxf3 Rf8 20. Be2 Be8 21. O-O-O
Bg6 22. Qg5 Qf7 23. Rhg1 Bf5 24. f4 Rc8 25. Kb2 Nxd4 26. Rxd4 Rxc5 27. Qd8+ Qf8
28. Qxb6 Rc2+ 29. Ka1 Rxe2 30. Rdd1 h6 31. Rc1 Qa3 32. Rc8+ Kh7 33. Rxg7+ Kxg7
34. Qc7+ Kg6 35. Rg8+ Kh5 36. Qf7+ Kxh4 37. Qf6+ Kh5 38. Rg5+ 1-0